Polandball/Countryball trivia - Statistics

General Stats
  • This quiz has been taken 22 times
  • The average score is 8 of 11
Answer Stats
Hint Answer % Correct
What country does the Poland Countryball look like? Indonesia
94%
What item does the United States wear? Sunglasses
94%
What shape is Singapore usually personified as? Triangle
94%
What shape is Kazakhstan usually personified as? Rectangle
88%
What shape is imperial Germany usually personified as? Rectangle
88%
What shape is Israel usually personified as? Square
82%
What item does the United Kingdom ball wear? Top Hat
82%
What does “clay” mean in the Countryball universe? Land
71%
What animal is Chile usually personified as? Snake
65%
What is Germany usually called in the countryball universe? Niemcy
12%
Who made the first countryball comic? Falco
6%
No matching quizzes found
Score Distribution
Percent of People with Each Score
Percentile by Number Answered
Your Score History
You have not taken this quiz